| 000 | 01369nam0a22003011 4500 | ||
|---|---|---|---|
| 001 | v19\rc\1552686 | ||
| 005 | 20260405194134.0 | ||
| 035 | _a(NLR Aleph) 005235794 | ||
| 090 |
_a5652835 _c5652835 |
||
| 100 | _a20060620e18901890|||y0rusy50 ca | ||
| 101 | 0 | _arus | |
| 102 | _aRU | ||
| 105 | _aa z ||||| | ||
| 200 | 1 |
_aЛодки и мосты _e[Переправы войск через реки, с помощью возможно дешевых и сподруч. матерьялов, которые могут быть исправляемы простыми полковыми рабочими по образцам] _f[Белогрудов] |
|
| 210 |
_a[Санкт-Петербург _d1890?] |
||
| 215 |
_a17 с., 2 л. ил. _d26 |
||
| 300 | _aАвт. указан в конце текста | ||
| 309 | _aБез тит. л. | ||
| 311 | _aГлава из кн.: Исповедь кавалериста | ||
| 488 | 0 |
_12001#$aИсповедь кавалериста _tИсповедь кавалериста |
|
| 700 | 1 |
_7ca _8rus _aБелогрудов _bИ. Н. _f19 в. _gИван Николаевич _968799 _3RU\NLR\AUTH\7785871 |
|
| 801 | 0 |
_aRU _bNLR _c20060620 _gpsbo |
|
| 801 | 0 |
_aRU _bRuMoRGB _c20060620 _2psbo |
|
| 801 | 1 |
_aRU _bProSoft-M _c20060620 _2rusmarc |
|
| 801 | 2 |
_aRU _bNLR _c20100309 _2rusmarc |
|
| 852 |
_aNLR _j37.62.5.287 |
||
| 942 | _cBOOK | ||
| 980 | _aNB | ||